El pequeño Nicolás
Guardat en:
| Autors principals: | , |
|---|---|
| Format: | Llibre |
| Idioma: | espanyol |
| Publicat: |
Santiago
Aguilar Chilena
2000
Santiago Alfaguara 2000 |
| Edició: | 7a. ed |
| Matèries: | |
| Etiquetes: |
Afegir etiqueta
Sense etiquetes, Sigues el primer a etiquetar aquest registre!
|
MARC
| LEADER | 00000nam a2200000 a 4500 | ||
|---|---|---|---|
| 001 | UCG2544 | ||
| 003 | CL-VaPUC | ||
| 008 | 100708e20000000CL |||||||||||||||||spa|d | ||
| 020 | |a 9582401052 | ||
| 082 | 0 | 4 | |a 808.0683 |b GOS |2 21 |
| 100 | |a Goscinny, René |e author |9 553499 | ||
| 700 | 0 | |a Sempé |e author |9 551005 | |
| 245 | 1 | 3 | |a El pequeño Nicolás |
| 250 | |a 7a. ed | ||
| 300 | |a 139 p | ||
| 942 | |c BK | ||
| 945 | |d 20100708 00:00:00 |a mfarfan | ||
| 260 | |a Santiago |b Aguilar Chilena |c 2000 | ||
| 260 | |a Santiago |b Alfaguara |c 2000 | ||
| 500 | |a Ilustraciones de René Goscinny y Sempé | ||
| 650 | 0 | |a Literatura infantil |9 307465 | |
| 650 | 7 | |a LITERATURA INFANTIL FRANCESA |2 CL-VaPUC |9 330293 | |
| 583 | |a last modification |c 20140805 11:33:39 |k Rodrigo Vera | ||
| 999 | |c 341687 |d 341685 | ||